000 00289 a2200109 4500
001 63246
082 _a355.0019 KEL
090 _c37310
_d37310
100 _aKellett A
245 _aCombat Motivation: The behaviour of soldiers in battle
260 _aLahore
_bPAF Book Club/Klumer
_c1982
942 _aNUST-CAE
_k355.0019 KEL
999 _c298319
_d298319